000 00550nam a22001697a 4500
005 20251108164844.0
008 250721s1988 xx 000 0 ara d
082 1 4 _a616.9/شاي
100 1 _aشايتو، ليون
245 1 0 _aعالم بدون إيدز :
_bالطريقة الصحية المثيرة للمعالجة الشاملة /
264 1 _aنيقوسيا :
_bمؤسسة الابحاث اللغوية،
_c1988.
300 _a272ص
650 1 7 _aالإيدز
700 1 _aمارتن، سيمون
942 _2ddc
_cBK
999 _c15944
_d15944